000 00534nam a2200229Ia 4500
003 OSt
005 20220918212300.0
006 a|||||r|||| 00| 0
007 ta
008 220917b |||||||| |||| 00| 0 eng d
024 _a128,213
037 _cTextual
040 _aARTS
_cARTS
_beng
041 _2eng
_aeng
082 _aX.2.N5, J8
100 _aNarain L
_9123292
245 0 _aIndian economy
260 _c1958
650 _aECONOMICS
942 _hX.2.N5, J8
_cTEXL
_2CC
999 _c251351
_d251351